Kamusi ya karne ya 21 : (Record no. 44949)

MARC details
000 -LEADER
fixed length control field 01030cam a22003255a 4500
001 - CONTROL NUMBER
control field 16814192
003 - CONTROL NUMBER IDENTIFIER
control field OSt
005 - DATE AND TIME OF LATEST TRANSACTION
control field 20260330103248.0
008 - FIXED-LENGTH DATA ELEMENTS--GENERAL INFORMATION
fixed length control field 110608s2011 ke ab d 000 0 swa
010 ## - LIBRARY OF CONGRESS CONTROL NUMBER
LC control number 2011342753
020 ## - INTERNATIONAL STANDARD BOOK NUMBER
International Standard Book Number 9789966361202
020 ## - INTERNATIONAL STANDARD BOOK NUMBER
Canceled/invalid ISBN 9789966361200
035 ## - SYSTEM CONTROL NUMBER
System control number 16814192
040 ## - CATALOGING SOURCE
Original cataloging agency DLC
Transcribing agency DLC
042 ## - AUTHENTICATION CODE
Authentication code lcode
245 00 - TITLE STATEMENT
Title Kamusi ya karne ya 21 :
Remainder of title kamusi ya Kiswahili yenye uketo zaidi katika karne hii.
246 3# - VARYING FORM OF TITLE
Title proper/short title Kamusi ya karne ya ishirini na moja
260 ## - PUBLICATION, DISTRIBUTION, ETC.
Place of publication, distribution, etc. Nairobi, Kenya :
Name of publisher, distributor, etc. Longhorn Publishers,
Date of publication, distribution, etc. 2011.
300 ## - PHYSICAL DESCRIPTION
Extent xxvi, 614 p. :
Other physical details ill. (chiefly col.), col. map ;
Dimensions 21 cm.
336 ## - CONTENT TYPE
Content type term text
Content type code txt
Source rdacontent
337 ## - MEDIA TYPE
Media type term unmediated
Media type code n
Source rdamedia
338 ## - CARRIER TYPE
Carrier type term volume
Carrier type code nc
Source rdacarrier
520 ## - SUMMARY, ETC.
Summary, etc. A dictionary.
546 ## - LANGUAGE NOTE
Language note In Swahili.
650 ## - SUBJECT ADDED ENTRY--TOPICAL TERM
Source of heading or term Kamusi, Kiswahili
906 ## - LOCAL DATA ELEMENT F, LDF (RLIN)
a 7
b ibc
c origode
d 2
e ncip
f 20
g y-gencatlg
942 ## - ADDED ENTRY ELEMENTS (KOHA)
Source of classification or shelving scheme Library of Congress Classification
Koha item type Books
Holdings
Withdrawn status Lost status Source of classification or shelving scheme Damaged status Not for loan Home library Current library Shelving location Date acquired Total Checkouts Full call number Barcode Date last seen Price effective from Koha item type
    Library of Congress Classification     Music Library University of Eastern Africa, Baraton Reference 30.03.2026   PL 8701 .K36 2011 95827 30.03.2026 30.03.2026 Books